Estudio comparativo de la toxicidad de diversos agentes sobre líneas de melanomas de ratón -B16F10- y humanas -SK-MEL-28 y SK-MEL-1
שמור ב:
| מחבר ראשי: | |
|---|---|
| פורמט: | ספר |
| שפה: | אנגלית ספרדית |
| יצא לאור: |
Murcia
Secretariado de Publicaciones e Intercambio Científico, Universidad de Murcia
1996
|
| סדרה: | Tesis Doctorales
|
| נושאים: | |
| תגים: |
הוספת תג
אין תגיות, היה/י הראשונ/ה לתייג את הרשומה!
|
MARC
| LEADER | 00000nam a2200000 a 4500 | ||
|---|---|---|---|
| 001 | UCM0396 | ||
| 003 | CL-VaPUC | ||
| 008 | 020125e19960000SP |||||||||||||||||eng|d | ||
| 041 | 0 | 7 | |a eng |2 CL-VaPUC |
| 041 | 0 | 7 | |a spa |2 CL-VaPUC |
| 082 | 0 | 4 | |a 611.018 |b ROD |2 21 |
| 100 | 0 | |a Rodríguez Vicente, José |e author |9 490632 | |
| 245 | 1 | 0 | |a Estudio comparativo de la toxicidad de diversos agentes sobre líneas de melanomas de ratón -B16F10- y humanas -SK-MEL-28 y SK-MEL-1 |
| 300 | |a pág. irreg | ||
| 942 | |c BK | ||
| 945 | |d 20020125 00:00:00 |a crobeson | ||
| 260 | |a Murcia |b Secretariado de Publicaciones e Intercambio Científico, Universidad de Murcia |c 1996 | ||
| 500 | |a Incluye índice y sumario | ||
| 650 | 7 | |a HISTOPATOLOGIA |2 CL-VaPUC |9 447893 | |
| 650 | 7 | |a MELANOMAS |2 CL-VaPUC |9 490633 | |
| 650 | 0 | |a Histología |9 264868 | |
| 583 | |a last modification |c 20190801 06:59:34 |k Rodrigo Vera | ||
| 490 | 0 | |a Tesis Doctorales | |
| 999 | |c 312149 |d 312147 | ||